• 首页
  • 本馆介绍
  • 公告通知
  • 最新文献
  • 馆藏检索
  • 电子资源
  • 读者导购
  • 参考咨询
  • 我的图书馆
  • 登录
  • 详细信息显示
  • 放入我的书架
  • 预约/预借图书
  • 作者相关作品
  • 分类相关作品
  • 丛书相关作品
  • 出版社相关作品

书目信息

  • 表格格式
  • 工作单格式
  • 卡片格式
题名:
獭兔饲养技术
    
 
作者: 张玉 编著
分册:  
出版信息: 北京   中国农业出版社  2006
页数: 254页
开本: 18cm
丛书名: 建设社会主义新农村书系
单 册:
中图分类: S829.1
科图分类:
主题词: 兔--饲养管理 , 兔 , 饲养管理
电子资源:
ISBN: 978-7-109-10971-1
000 00927oam2 2200277 45
005 20100303150649.23
010    @a978-7-109-10971-1@dCNY9.30
100    @a20100121e20072006ekmy0chiy0120 ea
101 0  @achi
102    @aCN@b110000
105    @ay z 000yy
106    @ar
200 1  @a獭兔饲养技术@ATa Tu Si Yang Ji Shu@f张玉等编著@FZhang Yu Deng Bian Zhu
205    @a2版
210    @a北京@c中国农业出版社@d2006@h2007
215    @a254页@d18cm
225 2  @a建设社会主义新农村书系@i养殖业篇
330    @a本书介绍了獭兔的品种、生物学特性、营养需求和饲料、饲粮的配制,并讲述了獭兔的繁殖、饲养管理、疾病防治和兔皮的加工整理,对免场设计和兔场经营管理也做了简要说明
461  0 @12001 @a建设社会主义新农村书系@i养殖业篇
606 0  @a兔@x饲养管理
606 0  @a兔
606 0  @a饲养管理
690    @aS829.1@v4
701  0 @a张玉@AZhang Yu@4编著
801  0 @aCN@bTANGWEI@c20100303
905    @b0585223-27@dS829.1@e78=2@f5
    
    獭兔饲养技术/张玉等编著.-2版.-北京:中国农业出版社,2006(2007)
    254页;18cm.-(建设社会主义新农村书系.养殖业篇)
    
    
    ISBN 978-7-109-10971-1:CNY9.30
    本书介绍了獭兔的品种、生物学特性、营养需求和饲料、饲粮的配制,并讲述了獭兔的繁殖、饲养管理、疾病防治和兔皮的加工整理,对免场设计和兔场经营管理也做了简要说明
●
相关链接 在E读中查询图书 在五车中查询图书 在当当中查询图书 在豆瓣中查询图书


正题名:獭兔饲养技术     索取号:S829.1/78=2         预约/预借

序号 登录号 条形码 馆藏地/架位号 状态 备注
1 0585223   205852237   第二样本阅览室/ [索取号:S829.1/78=2] 在馆    
2 0585224   205852246   密集书库-生命科学系/ [索取号:S829.1/78=2] 在馆    
3 0585225   205852255   第三借阅区/ [索取号:S829.1/78=2] 在馆    
4 0585226   205852264   第三借阅区/ [索取号:S829.1/78=2] 在馆    
5 0585227   205852273   第三借阅区/ [索取号:S829.1/78=2] 在馆    
唐山师范学院图书馆 欢迎您!
大连网信软件有限公司© 版权所有